LEADER 02011nam0 22004573i 450 001 MIL0141338 005 20251003044225.0 010 $a8838606528 100 $a20001113d1992 ||||0itac50 ba 101 | $aita 102 $ait 181 1$6z01$ai $bxxxe 182 1$6z01$ay 200 1 $aMatematica per l'economia e la finanza$fMarida Bertocchi, Silvana Stefani, Giovanni Zambruno 210 $aMilano [etc.]$cMcGraw-Hill libri Italia$d1992 215 $aXV, 889 p.$d24 cm. 225 | $aCollana di istruzione scientifica$i. Serie di matematica 410 0$1001MIL0130354$12001 $aCollana di istruzione scientifica$i. Serie di matematica 606 $aMatematica finanziaria$2FIR$3CFIC006216$9E 606 $aMatematica applicata$2FIR$3CFIC014055$9E 676 $a330.0151$9ECONOMIA. Principi matematici$v21 676 $a332.0151$9ECONOMIA FINANZIARIA. Principi matematici$v19 676 $a510$9MATEMATICA$v23 700 1$aBertocchi$b, Maria Ida$3LO1V021739$4070$0102549 701 1$aZambruno$b, Giovanni$3CFIV063236$4070$0102551 701 1$aStefani$b, Silvana$3LO1V021769$4070$0102550 790 1$aBertocchi$b, Marida$3CFIV152235$zBertocchi, Maria Ida 790 1$aBertocchi$b, Ida$f <1951- >$3MILV159218$zBertocchi, Maria Ida 790 1$aBertocchi$b, I.$3MILV159219$zBertocchi, Maria Ida 790 1$aBertocchi$b, Marida$3CFIV152235$zBertocchi, Maria Ida 790 1$aBertocchi$b, Ida$f <1951- >$3MILV159218$zBertocchi, Maria Ida 790 1$aBertocchi$b, I.$3MILV159219$zBertocchi, Maria Ida 801 3$aIT$bIT-000000$c20001113 850 $aIT-BN0095 $aIT-NA0299 901 $bNAP 01$cM/S $n$ 901 $bNAP AG$cI $n$ 912 $aMIL0141338 950 0$aBiblioteca Centralizzata di Ateneo$d 01M/S (AR) 15 960$e 01AR 0700159605 VMA 1 v.$fY $h20240112$i20240112 977 $a 01$a AG 996 $aMatematica per l'economia e la finanza$936275 997 $aUNISANNIO